000 00391nam a2200145Ia 4500
008 220217s9999||||xx |||||||||||||| ||und||
020 _a981-235-859-5
082 _a629.8 DOR
100 _aDorf, Richard, C Bishop, Robert, H
245 0 _aModren control systems
250 _a8th
260 _aPearson education asia
_bNew Delhi
_c2004
300 _b250
650 _aCONTROL SYSTEM
999 _c171740
_d171740